000 00304 a2200133 4500
001 150903
040 _cEscola São Tomás de Aquino
100 _aRITER, Caio
240 1 0 _aA audição do leão
_lpor
245 1 0 _aA audição do leão
362 0 _a2011
697 _a*LITERATURA INFANTO
942 _cBK
999 _c150903
_d150903